000 01057cam a2200301 a 4500
001 5991
003 FISKH
005 20250218142234.0
008 120106s2012 nyu d 000 1 eng
010 _a 2011045783
020 _a9780525478812 (hardcover : alk. paper)
020 _a9780141345659
_c$12.00
040 _aDLC
_cDLC
_dDLC
_beng
050 _aPZ7.G8233 F
082 _a813.6
100 1 _aGreen, John,
_d1977-
245 1 4 _aThe fault in our stars /
_cJohn Green.
250 _aThis edition published 2017, reissued 2020
260 _aNew York :
_bPenguin Books,
_c2012.
300 _a316 pages :
_c20 cm
520 _aSixteen-year-old Hazel, a stage IV thyroid cancer patient, has accepted her terminal diagnosis until a chance meeting with a boy at cancer support group forces her to reexamine her perspective on love, loss, and life.
650 1 _aCancer
_vFiction.
650 1 _aTerminally ill
_vFiction.
650 1 _aLove
_vFiction.
906 _a7
_bcbc
_corignew
_d1
_eecip
_f20
_gy-gencatlg
942 _2ddc
_cBK
_n0
999 _c5991
_d5991